ბათუმის შოთა რუსთაველის სახელმწიფო უნივერსიტეტის ბიბლიოთეკა

კოდორის ხეობის დილემა და ქართული საზოგადოებრივ–პოლიტიკური აზრი (1993-2010) (ბიბ.ჩანაწერი № 43391)

000 -ლიდერი
ფიქსირებული სიგრძის საკონტროლო ველი 01085nam a2200253Ia 4500
001 - საკონტროლო ნომერი
საკონტროლო ველი 10119
003 - საკონტროლო ნომრის იდენტიფიკატორი
საკონტროლო ველი GE_BSU
005 - ბოლო ოპერაციის თარიღი და დრო
საკონტროლო ველი 20191004142930.0
008 - ფიქსირებული სიგრძის მონაცემთა ელემენტები - ზოგადი ინფორმაცია
ფიქსირებული სიგრძის საკონტროლო ველი 181216s2014||||ge |||||||||||||| ||geo||
020 ## - წიგნის საერთაშორისო სტანდარტული ნომერი
International Standard Book Number 9789941065385
040 ## - კატალოგიზაციის წყარო
Transcribing agency GE_BSU
041 ## - ენის კოდი
Language code of text/sound track or separate title geo
080 ## - უნივერსალური ათობითი კლასიფიკაციის ინდექსი
Universal Decimal Classification number 94(479.222.4)
100 ## - მთავარი ჩანაწერი - პიროვნების სახელი
Personal name ვადაჭკორია,შოთა
9 (RLIN) 4513
245 ## - ცნობა სათაურის შესახებ
Title კოდორის ხეობის დილემა და ქართული საზოგადოებრივ–პოლიტიკური აზრი (1993-2010)
245 #4 - ცნობა სათაურის შესახებ
Remainder of title The dilemma of Kodori Gorge and Georgian Socio-Politikal Thought(1993-2010)
245 ## - ცნობა სათაურის შესახებ
Statement of responsibility, etc რედ.ავთანდილ სონღულაშვილი
260 ## - გამოქვეყნების, გავრცელების, და სხვა. ცნობები
Place of publication, distribution, etc თბილისი
260 ## - გამოქვეყნების, გავრცელების, და სხვა. ცნობები
Name of publisher, distributor, etc გეორგიკა
260 ## - გამოქვეყნების, გავრცელების, და სხვა. ცნობები
Date of publication, distribution, etc 2014
300 ## - ფიზიკური აღწერა
Extent 380გვ.20სმ.ილ.
653 ## - INDEX TERM--UNCONTROLLED
Uncontrolled term კოდორის ხეობის დილემა და ქართული საზოგადოებრივ–პოლიტიკური აზრი
942 ## - ADDED ENTRY ELEMENTS (KOHA)
Koha item type წიგნი
Source of classification or shelving scheme
ეგზემპლარები
ჩამოწერის სტატუსი დაკარგული ეგზემპლარის სტატუსი დაზიანების სტატუსი არ გაიცემა შეძენის თარიღი შტრიხკოდი ბოლო ოპერაციის თარიღი ფასის ძალაში შესვლის თარიღი ეგზემპლარის სახეობა
        2018-12-17 18723 2018-12-17 2018-12-17 წიგნი